The divine romance : (Record no. 10738)
[ view plain ]
| 000 -LEADER | |
|---|---|
| fixed length control field | 00644cam a22002177a 4500 |
| 001 - CONTROL NUMBER | |
| control field | 2078630 |
| 003 - CONTROL NUMBER IDENTIFIER | |
| control field | OSt |
| 005 - DATE AND TIME OF LATEST TRANSACTION | |
| control field | 20210303153417.0 |
| 008 - FIXED-LENGTH DATA ELEMENTS--GENERAL INFORMATION | |
| fixed length control field | 940727s1984 meu 000 0 eng |
| 010 ## - LIBRARY OF CONGRESS CONTROL NUMBER | |
| LC control number | 94188119 |
| 040 ## - CATALOGING SOURCE | |
| Original cataloging agency | DLC |
| Transcribing agency | DLC |
| Modifying agency | DLC |
| 050 00 - LIBRARY OF CONGRESS CALL NUMBER | |
| Classification number | MLCM 94/13890 (B) |
| Item number | ED26D |
| 082 ## - DEWEY DECIMAL CLASSIFICATION NUMBER | |
| Item number | ED26D |
| 100 1# - MAIN ENTRY--PERSONAL NAME | |
| Personal name | Edwards, Gene, |
| Dates associated with a name | 1932- |
| 245 14 - TITLE STATEMENT | |
| Title | The divine romance : |
| Remainder of title | the most beautiful love story ever told / |
| Statement of responsibility, etc. | by Gene Edwards. |
| 260 ## - PUBLICATION, DISTRIBUTION, ETC. | |
| Place of publication, distribution, etc. | Auburn, Me. : |
| Name of publisher, distributor, etc. | Christians Books Pub. House, |
| Date of publication, distribution, etc. | c1984. |
| 300 ## - PHYSICAL DESCRIPTION | |
| Extent | 209 p. ; |
| Dimensions | 23 cm. |
| 906 ## - LOCAL DATA ELEMENT F, LDF (RLIN) | |
| a | 7 |
| b | cbc |
| c | orignew |
| d | u |
| e | ncip |
| f | 19 |
| g | y-gencatlg |
| 942 ## - ADDED ENTRY ELEMENTS (KOHA) | |
| Source of classification or shelving scheme | Dewey Decimal Classification |
| Koha item type | Books |
| Withdrawn status | Lost status | Source of classification or shelving scheme | Damaged status | Not for loan | Collection code | Home library | Current library | Shelving location | Date acquired | Total Checkouts | Full call number | Barcode | Date last seen | Price effective from | Koha item type |
|---|---|---|---|---|---|---|---|---|---|---|---|---|---|---|---|
| Dewey Decimal Classification | Non-fiction | Harvest Mission College | Harvest Mission College | General Stacks | 04.03.2021 | 813.54 ED26D | 012530 | 03.08.2021 | 03.08.2021 | Books |
